000
00280nam a22001337a 4500
008
170810b xxu||||| |||| 00| 0 eng d
020
_a
1881991377
041
_a
eng
080
_a
004
100
_a
35
101
_a
SHKI
245
_a
THE VISUAL BASIC
_c
LIN, F
942
_2
udc
_c
BK
999
_c
23160
_d
23160